000 00295nam a22001337a 4500
008 170227b xxu||||| |||| 00| 0 eng d
020 _a9780134391670
041 _aeng
080 _22ND
_a577
100 _a5
101 _aSHMB
245 _aPRINCIPLES OF BIOCHEMISTRY
_cHORTON
942 _2udc
_cBK
999 _c6353
_d6353